Mahathir Menyinga
| Main Author: | |
|---|---|
| Format: | Book |
| Published: |
Kuala Lumpur :
Pancawarna Enterprise ,
2006
|
| Subjects: |
MARC
| LEADER | 00000cam a2200000 7i4500 | ||
|---|---|---|---|
| 001 | 0000052850 | ||
| 005 | 20151008.0 | ||
| 008 | 151008 | ||
| 020 | |a 9789834013974 | ||
| 090 | 0 | 0 | |a 320.9595 |b RUH |
| 100 | 0 | |a Ruhanie Ahmad | |
| 245 | 1 | 0 | |a Mahathir Menyinga |c Ruhanie Ahmad |
| 260 | |a Kuala Lumpur : |b Pancawarna Enterprise , |c 2006 | ||
| 300 | |a 211pg. | ||
| 650 | 0 | |a Malaysia-Politics and government | |
| 999 | |a 0001086106 |b Book |c Adult Collection |e Cawangan Bandar Penawar | ||